Guess the Movie From One Quote Word - Statistics

General Stats
  • This quiz has been taken 27 times
  • The average score is 10 of 30
Answer Stats
Hint Answer % Correct
Force Star Wars
76%
DeLorean Back to the Future
72%
Chocolates Forrest Gump
68%
Johnny! The Shining
68%
Infinity Toy Story
56%
Yippie-ki-yay Die Hard
48%
Adrian! Rocky
48%
Wax The Karate Kid
48%
Precious The Lord of the Rings: The Two Towers
48%
Rainbow The Wizard of Oz
48%
Truth A Few Good Men
36%
Rosebud Citizen Kane
36%
Speed Top Gun
36%
Surely Airplane!
32%
Napalm Apocalypse Now
32%
Lucky? Dirty Harry
32%
Kid Casablanca
28%
Dude The Big Lebowski
28%
Phone E.T.
24%
Seduce The Graduate
24%
Eleven This Is Spinal Tap
20%
Complete Jerry Maguire
16%
Zed's Pulp Fiction
16%
Talkin' Taxi Driver
16%
Kraken! Clash of the Titans
8%
Merlot Sideways
8%
Refuse The Godfather
8%
Badges? The Treasure of the Sierra Madre
8%
Paws Planet of the Apes
4%
Inquisition History of the World, Part I
0%
No matching quizzes found
Score Distribution
Percent of People with Each Score
Percentile by Number Answered
Your Score History
You have not taken this quiz